Countries that Beat Canada - Statistics

General Stats
  • This quiz has been taken 99,010 times
    98,979 since last reset
  • The average score is 15 of 20
Answer Stats
Rank Category Answer % Correct
2 Largest surface area Russia
100%
2 Most-visited by American tourists Mexico
94%
8 Coldest capital city Mongolia | Kazakhstan | Iceland | Russia | Finland | Estonia | Latvia
92%
3 Largest country as a percentage of its continent Australia | Brazil
88%
7 Lowest population density Mongolia | Australia | Namibia | Iceland | Guyana | Suriname
88%
5 (t) Shortest name of any country in the Americas Cuba | Peru | Chile | Haiti
87%
4 Greatest proven oil reserves Venezuela | Saudi Arabia | Iran
87%
4 (t) Highest life expectancy (2024) Monaco | Singapore | Japan
85%
7 Most wheat production (2023) China | India | Russia | United States |Australia | France
84%
9 Most gold medals per capita at the 2026 Winter Olympics Norway | Slovenia | Sweden | Switzerland | Austria | Netherlands | Czech Republic | Italy
81%
2 Northernmost point on land (including overseas territories) Denmark
77%
10 Most skyscrapers per capita (2023) United Arab Emirates | Monaco | Qatar | Singapore |Panama | Bahrain | Malaysia | Australia | South Korea
77%
5 Most recent country to host the Winter Olympics Italy | China | South Korea | Russia
76%
8 Westernmost point on land Fiji | Russia | United States | New Zealand | Tonga | Kiribati | Samoa
73%
4 Greatest land area with a desert or tundra biome Australia | Algeria | Saudi Arabia
72%
4 Earliest legalization of same sex marriage Netherlands | Belgium | Spain
65%
6 Lowest human exposure to air pollution (2019) Finland | Iceland | Tuvalu | Nauru | Sweden
57%
4 Earliest celebration of New Years in the Americas Brazil | Argentina | Uruguay
54%
4 (t) Most A's in its name Antigua and Barbuda | Madagascar | Saudi Arabia
43%
4 Most populous member of the Organisation internationale de la Francophonie (not including France) Egypt | Vietnam | D. R. Congo
38%
No matching quizzes found
Score Distribution
Percent of People with Each Score
Percentile by Number Answered
Your Score History
You have not taken this quiz since the last reset